Energy future : report of the energy project at the Harvard Business School /

Bibliographic Details
Corporate Author: Harvard University. Graduate School of Business Administration
Other Authors: Stobaugh, Robert B., Yergin, Daniel
Format: Book
Language:English
Published: New York : Vintage Books, 1983
Edition:New rev. 3rd ed.
Subjects:

MARC

Tag First Indicator Second Indicator Subfields
LEADER 00000pam a2200000 a 4500
001 in00000337113
005 20151011053916.0
008 810506c1983 nyu b 00100 eng
010 |a  81040078  
019 |a 9476404 
020 |a 039474750X (pbk.) :  |c $6.95 
035 |a (OCoLC)07554511 
035 |9 ABL8668AM 
039 0 |a 2  |b 3  |c 3  |d 3  |e 3 
040 |a DLC  |c DLC  |d TXA  |d UtOrBLW 
043 |a n-us--- 
049 |a TXAM  |c [987675] 
050 0 0 |a HD9502 U52  |b  E4914 1983 
082 0 |a 333.79/0973  |2 19 
245 0 0 |a Energy future :  |b report of the energy project at the Harvard Business School /  |c Robert Stobaugh, Daniel Yergin, editors ; I.C. Bupp [and others]. 
250 |a New rev. 3rd ed. 
264 1 |a New York :  |b Vintage Books,  |c 1983 
264 4 |c ©1980 
300 |a xii, 459 pages ;  |c 21 cm. 
336 |a text  |b txt  |2 rdacontent 
337 |a unmediated  |b n  |2 rdamedia 
338 |a volume  |b nc  |2 rdacarrier 
500 |a "First Vintage Books edition"--Verso title page. 
504 |a Includes bibliographical references and index. 
650 0 |a Energy policy  |z United States. 
650 0 |a Power resources  |z United States. 
700 1 |a Stobaugh, Robert B. 
700 1 |a Yergin, Daniel. 
710 2 |a Harvard University.  |b Graduate School of Business Administration. 
999 |a MARS 
999 f f |s de1fc487-1bb3-3001-be8d-d84f2c2f274f  |i ea516de6-caa7-322c-84c3-410aafe8a5ec  |t 0 
952 f f |p normal  |a Texas A&M University  |b College Station  |c Sterling C. Evans Library  |d Evans: Library Stacks  |t 0  |e HD9502 U52 E4914 1983  |h Library of Congress classification  |i unmediated -- volume  |m A14807785810 
998 f f |a HD9502 U52 E4914 1983  |t 0  |l Evans: Library Stacks